000 01001npm a2200253 i 4500
001 5208
003 ES-MaACL
005 20230908133325.0
007 hzrazu bucu
008 900423r19901954fr a 00010 fre d
080 _a05(44)
080 _a371.7(05)(443.6)
245 0 0 _aRevue Francaise d'Hygiene et Medecine Scolaire et Universitaire
_b: [Microforma] : Bulletin de l'Association Francaise d'Hygiene Scolaire et Universitaire.
260 _aMadrid :
_bAteneo Cientifico, Literario y Artistico,
_c1990.
300 _a1 carrete microfilme :
_bnegativo ;
_c16 mm.
500 _aPublicado originalmente: Paris, G. Dion et Cie., 1954-1960.
500 _aCambio de titulo 1960 (2o trim.): Revue d'Hygiene et Medecine Scolaires et Universitaires.
505 8 _a1954 a 1960
740 0 _aRevue d'Higiene et Medecine Scolaires et Universitaires.
852 _aES-MaACL
_jMC-525
_95325
_cDEPO1
942 _2udc
_cMICROFORMA
999 _c5208
_d5208